000 00432nam a2200181Ia 4500
001 16823
005 20260306170339.0
008 260306t2007||||xx |||||||||||||| ||und||
041 _aESP
082 _a657
_bZ55F 2007
100 _aZeballos Zeballos, Erly
_eAUT
245 0 _aFundamentos de contabilidad
260 _c2007
300 _a320 páginas :
_c21 cm.
650 _aGEN
654 _aCCO
942 _cLIB
_dJUS
_fJUS
_2ddc
_n
999 _c16823
_d16823